00301nam a2200133Ia 4500008004100000020001200041082002200053245001500075250000900090260003200099300002200131650000700153856000700160210430s9999 xx 000 0 und d a7/14/11 a621.366 K9611 L  aKelin Kuhn a497p aPrentice Hall International aLaser Engineering aUk uBK